Civilization III Conquests: Civilizations - Statistics

General Stats
  • This quiz has been taken 17 times
  • The average score is 25 of 31
Answer Stats
Civilization % Correct
Rome
100%
America
91%
Arabia
91%
Aztecs
91%
China
91%
Egypt
91%
England
91%
Germany
91%
Greece
91%
Inca
91%
India
91%
Maya
91%
Russia
91%
Scandinavia
91%
Spain
91%
Babylon
82%
France
82%
Japan
82%
Mongols
82%
Ottomans
82%
Persia
82%
Portugal
82%
Zululand
82%
Iroquois
73%
Korea
73%
Netherlands
73%
Byzantines
64%
Celts
64%
Carthage
55%
Hittites
55%
Sumeria
45%
No matching quizzes found
Score Distribution
Percent of People with Each Score
Percentile by Number Answered
Your Score History
You have not taken this quiz